Report on the infoterra Southern African regional meeting, Gaborone Botswana (Record no. 56216)

MARC details
000 -LEADER
fixed length control field 00593nam a2200145 a 4500
008 - FIXED-LENGTH DATA ELEMENTS--GENERAL INFORMATION
fixed length control field 100503s1991 ||||||||||||||||| || u
050 ## - LIBRARY OF CONGRESS CALL NUMBER
Classification number PAPERS/STAFF
100 ## - MAIN ENTRY--PERSONAL NAME
Personal name Mushipi, W. C
245 10 - TITLE STATEMENT
Title Report on the infoterra Southern African regional meeting, Gaborone Botswana
260 ## - PUBLICATION, DISTRIBUTION, ETC.
Place of publication, distribution, etc. Lusaka
Name of publisher, distributor, etc. National Council for Scientific Research, Information Services Unit
Date of publication, distribution, etc. 1991
300 ## - PHYSICAL DESCRIPTION
Extent 18p.
350 ## - PRICE (NR) (BK AM CF MU VM SE) [OBSOLETE]
Price 0.00
500 ## - GENERAL NOTE
General note Issue 4
995 ## - RECOMMENDATION 995 [LOCAL, UNIMARC FRANCE]
-- 0.00
-- CBU-MAIN LIBRARY (Kitwe)
-- 1
-- 0.00
-- 1
-- AVAILABLE
-- May 3, 2010
-- University Collection
Holdings
Withdrawn status Lost status Source of classification or shelving scheme Damaged status Not for loan Home library Current library Shelving location Date acquired Total Checkouts Full call number Barcode Date last seen Price effective from Koha item type
          CBU-MAIN LIBRARY, KITWE. CBU-MAIN LIBRARY, KITWE.   11/30/2022   PAPERS/STAFF 03006271 11/30/2022 11/30/2022 MONOGRAPH